| 000 | 00990nam a2200241 a 4500 | ||
|---|---|---|---|
| 001 | 40272 | ||
| 003 | BD-RjUL | ||
| 005 | 20211209053200.0 | ||
| 008 | 160427r20011999ii ||||| |||| 00| 0 b d | ||
| 035 | _a(BD-RjUL) 40387 | ||
| 040 |
_aBD-RjUL _bben _cBD-RjUL |
||
| 041 | _aben | ||
| 082 |
_223 _a891.44209 _bGHB 2001 |
||
| 100 |
_aঘোষ, অজিতকুমার _9121928 |
||
| 245 | 1 | 0 |
_aবাংলা নাটকের ইতিহাস / _cঅজিতকুমার ঘোষ |
| 250 | _a৮ম সং. সংশোধিত ও পরিবর্ধিত | ||
| 260 |
_aকলকাতা : _bজেনারেল, _c২০০১ |
||
| 300 |
_a[৮], ৫৬৮ পৃ. ; _c২২ সেমি. |
||
| 504 | _aনির্ঘণ্ট ও তথ্যপঞ্জি সংযুক্ত | ||
| 650 |
_aবাংলা নাটক _xইতিহাস ও সমালোচনা _9123674 |
||
| 650 |
_aBengali Drama _xHistory and Criticism _9122764 |
||
| 942 |
_2ddc _cBK |
||
| 999 |
_c40272 _d40272 |
||